000 01835cam a22003374a 4500
001 13986027
005 20250318091953.0
008 050531s2006 nyu b 001 0 eng
010 _a 2005015710
020 _a0521858860 (hardback)
020 _a9780521858861
035 _a(OCoLC)ocm60550677
040 _aDLC
_cDLC
_dYDX
_dBAKER
_dDLC
042 _apcc
050 0 0 _aK3240
_b.I5788 2006
082 0 0 _a341.48
_bMAR
245 0 0 _aInternational human rights and humanitarian law :
_btreaties, cases and analysis /
_cFrancisco Forrest Martin ... [et al.].
260 _aNew York :
_bCambridge University Press,
_c2006.
300 _axxxii, 990 p. ;
_c26 cm.
504 _aIncludes bibliographical references and index.
505 0 _aAn overview of international human rights and humanitarian law development and their protection mechanisms -- Formal sources and principles of international human rights and humanitarian law -- Incorporation of international human rights and humanitarian law in powers U.S. law -- International human rights tribunal procedure and remedies -- Substantive international human rights and humanitarian law protections -- Theory and critique.
650 0 _aHuman rights.
650 0 _aHumanitarian law.
_994366
700 1 _aMartin, Francisco Forrest.
_9128398
856 4 1 _3Table of contents only
_uhttp://www.loc.gov/catdir/toc/ecip0513/2005015710.html
856 4 2 _3Publisher description
_uhttp://www.loc.gov/catdir/enhancements/fy0659/2005015710-d.html
856 4 2 _3Contributor biographical information
_uhttp://www.loc.gov/catdir/enhancements/fy0733/2005015710-b.html
906 _a7
_bcbc
_corignew
_d1
_eecip
_f20
_gy-gencatlg
942 _2ddc
_cBK
999 _c613373
_d613373